| 000 | 00660ctm a22001935a 4500 | ||
|---|---|---|---|
| 001 | L141094 | ||
| 008 | 071029s1867 xxk eng u | ||
| 035 | _a(Sirsi) u141094 | ||
| 041 | 0 | _aeng | |
| 245 | 0 | 0 |
_aCopy of sale at Girtford the property of Mr Wm. Triplow _bOctober 11th 1867 _h[manuscript] |
| 260 | _c1867 | ||
| 300 |
_a1 v. _c16 cm. |
||
| 340 | _aInk on paper | ||
| 351 | _cSingle item | ||
| 500 | _aItem is a notebook which contains details of the lots and lists the successful bidders and the prices paid. | ||
| 651 | 4 | _aBedfordshire | |
| 690 | _aPROPERTY-PROPERTY ACQUISITION AND DISPOSAL-ACQUISITION AND DISPOSAL AT AUCTION | ||
| 942 | _n0 | ||
| 999 |
_c116584 _d116584 |
||